[Event "Olympiad-43"]
[Site "Batumi"]
[Date "2018.10.04"]
[Round "10.4"]
[White "Michel Yunis, Christian D"]
[Black "Lai, Robin"]
[Result "1-0"]
[WhiteElo "2233"]
[BlackElo "1863"]
[PlyCount "57"]
[EventDate "2018.09.24"]
[EventType "team-swiss"]
[EventRounds "11"]
[EventCountry "GEO"]
[SourceTitle "CBM 187"]
[Source "ChessBase"]
[SourceDate "2018.12.11"]
[SourceVersion "1"]
[SourceVersionDate "2018.12.11"]
[SourceQuality "1"]
[WhiteTeam "Palestine"]
[BlackTeam "Hong Kong"]
[WhiteTeamCountry "PLE"]
[BlackTeamCountry "HKG"]

1. d4 c5 2. e3 g6 3. c4 Nf6 4. Nc3 Bg7 5. Nf3 0-0 6. a3 cxd4 7. exd4 d5 8. h3 Nc6 9. Be3 Bf5 10. Rc1 Rc8 11. c5 b6 12. Ba6 Rb8 13. Bf4 e5 14. Nxe5 Nxe5 15. Bxe5 bxc5 16. Bxb8 Re8+ 17. Be5 cxd4 18. 0-0 Rxe5 19. Qxd4 Nh5 20. Qd2 Qh4 21. Ne2 Bxh3 22. gxh3 Rg5+ 23. Kh2 Be5+ 24. f4 Rg3 25. Bc8 f5 26. Qxd5+ Kg7 27. Qxe5+ Kh6 28. Bxf5 gxf5 29. Rc6+ 1-0

[Event "Olympiad-43"]
[Site "Batumi"]
[Date "2018.09.26"]
[Round "3.89"]
[White "Michel Yunis, Christian D"]
[Black "Toribiong, Leif"]
[Result "1-0"]
[WhiteElo "2233"]
[BlackElo "1323"]
[PlyCount "37"]
[EventDate "2018.09.24"]
[EventType "team-swiss"]
[EventRounds "11"]
[EventCountry "GEO"]
[SourceTitle "CBM 187"]
[Source "ChessBase"]
[SourceDate "2018.12.11"]
[SourceVersion "1"]
[SourceVersionDate "2018.12.11"]
[SourceQuality "1"]
[WhiteTeam "Palestine"]
[BlackTeam "Palau"]
[WhiteTeamCountry "PLE"]
[BlackTeamCountry "PAL"]

1. d4 d5 2. c4 c6 3. Nf3 Nh6 4. Nc3 dxc4 5. a4 Na6 6. e4 Qa5 7. Ne5 Be6 8. Bxh6 gxh6 9. f4 f6 10. Qh5+ Kd8 11. Nxc6+ bxc6 12. Qxa5+ Nc7 13. d5 cxd5 14. 0-0-0 Rc8 15. Nxd5 Bxd5 16. Rxd5+ Ke8 17. Be2 e6 18. Bh5+ Ke7 19. Qb4# 1-0

[Event "Olympiad-41"]
[Site "Tromsoe"]
[Date "2014.08.12"]
[Round "10.4"]
[White "Michel Yunis, Christian D"]
[Black "Khouri, Ibrahim Mohamed"]
[Result "0-1"]
[WhiteElo "2311"]
[BlackElo "2225"]
[PlyCount "76"]
[EventDate "2014.08.02"]
[EventType "team-swiss"]
[EventRounds "11"]
[EventCountry "NOR"]
[SourceTitle "CBM 162"]
[Source "ChessBase"]
[SourceDate "2014.09.17"]
[SourceVersion "1"]
[SourceVersionDate "2014.09.17"]
[SourceQuality "1"]
[WhiteTeam "Palestine"]
[BlackTeam "United Arab Emirates"]
[WhiteTeamCountry "PLE"]
[BlackTeamCountry "UAE"]

1. d4 Nf6 2. c4 e6 3. Nf3 Bb4+ 4. Bd2 Qe7 5. Qc2 Bxd2+ 6. Nbxd2 d6 7. e4 e5 8. Be2 0-0 9. d5 a5 10. 0-0 Nbd7 11. b3 Nc5 12. Rfe1 Nh5 13. g3 f5 14. exf5 Bxf5 15. Qc3 Bg4 16. Qe3 Nf6 17. a3 Bh3 18. b4 Na6 19. Qc3 Rae8 20. Rab1 Bf5 21. Rb2 Ne4 22. Qe3 Nxd2 23. Nxd2 Qf6 24. Rc1 axb4 25. axb4 c6 26. dxc6 bxc6 27. b5 cxb5 28. cxb5 Nc5 29. Nc4 Ne4 30. Rd1 Rd8 31. Nb6 Ng5 32. Nd5 Nh3+ 33. Kg2 Qf7 34. Bc4 Be6 35. Rdd2 Kh8 36. b6 Rc8 37. Bb3 Rc1 38. f3 Rg1+ 0-1

[Event "Olympiad-41"]
[Site "Tromsoe"]
[Date "2014.08.05"]
[Round "4.4"]
[White "Michel Yunis, Christian D"]
[Black "Khader, Sami"]
[Result "1-0"]
[WhiteElo "2311"]
[BlackElo "2352"]
[PlyCount "65"]
[EventDate "2014.08.02"]
[EventType "team-swiss"]
[EventRounds "11"]
[EventCountry "NOR"]
[SourceTitle "CBM 162"]
[Source "ChessBase"]
[SourceDate "2014.09.17"]
[SourceVersion "1"]
[SourceVersionDate "2014.09.17"]
[SourceQuality "1"]
[WhiteTeam "Palestine"]
[BlackTeam "Jordan"]
[WhiteTeamCountry "PLE"]
[BlackTeamCountry "JOR"]

1. d4 Nf6 2. Nf3 c5 3. d5 e6 4. Nc3 exd5 5. Nxd5 Nxd5 6. Qxd5 Be7 7. e4 Nc6 8. Bc4 0-0 9. Qh5 Nb4 10. 0-0 Nxc2 11. Ng5 Bxg5 12. Bxg5 Qe8 13. Rad1 Nd4 14. Qh4 Nc6 15. f4 Kh8 16. Rf3 d5 17. Bf6 Rg8 18. exd5 Nb4 19. Re1 Qa4 20. Bxg7+ Rxg7 21. Qd8+ Rg8 22. Qf6+ Rg7 23. Rg3 Bg4 24. Rxg4 Rag8 25. Rxg7 Rxg7 26. b3 Qd7 27. Re7 Qd8 28. a3 b5 29. axb4 bxc4 30. d6 h5 31. d7 Kh7 32. Qf5+ Kh6 33. Re8 1-0

[Event "CHI-chT"]
[Site "Santiago de Chile"]
[Date "2012.12.20"]
[Round "9"]
[White "Weinstein Balmaceda, Tomas"]
[Black "Michel Yunis, Christian D"]
[Result "0-1"]
[WhiteElo "1940"]
[BlackElo "2340"]
[PlyCount "112"]
[EventDate "2012.11.22"]
[EventType "team-tourn"]
[EventRounds "9"]
[EventCountry "CHI"]
[SourceTitle "EXT 2014"]
[Source "ChessBase"]
[SourceDate "2013.11.20"]
[SourceVersion "1"]
[SourceVersionDate "2013.11.20"]
[SourceQuality "1"]

1. d4 Nf6 2. Nf3 e6 3. g3 b6 4. Bg2 Bb7 5. 0-0 c5 6. c4 cxd4 7. Qxd4 Bc5 8. Qc3 0-0 9. b4 Be7 10. Bb2 a5 11. a3 axb4 12. axb4 Rxa1 13. Bxa1 Na6 14. b5 Nc5 15. Nbd2 Qa8 16. Qd4 d6 17. Nh4 Bxg2 18. Nxg2 Rd8 19. Ne3 Bf8 20. f3 Qa2 21. Qb2 Ra8 22. Rd1 Qxb2 23. Bxb2 Ra2 24. Bxf6 gxf6 25. Kf1 f5 26. f4 Bg7 27. Nb1 Ne4 28. Rc1 Ra1 29. Kg2 Nd2 30. Rd1 Nxb1 31. Rxd6 Ra3 32. Nd1 Nc3 33. Nxc3 Rxc3 34. Rxb6 Rxc4 35. Rb8+ Bf8 36. b6 Rb4 37. b7 Kg7 38. Kf3 Bd6 39. Rd8 Bc7 40. Rd7 Rxb7 41. e3 Kf8 42. g4 Ke8 43. Rd3 fxg4+ 44. Kxg4 Rb5 45. Rc3 h5+ 46. Kf3 Bd6 47. Rd3 Ke7 48. Rc3 Ra5 49. Rb3 Ra3 50. Rb5 f5 51. Rb7+ Kf6 52. Rb5 Rc3 53. Rb2 Bc5 54. Re2 e5 55. h3 h4 56. fxe5+ Kxe5 0-1

[Event "CHI-chT"]
[Site "Santiago de Chile"]
[Date "2012.12.06"]
[Round "5"]
[White "Michel Yunis, Christian D"]
[Black "Caceres Vasquez, Sergio"]
[Result "1-0"]
[WhiteElo "2340"]
[BlackElo "2203"]
[PlyCount "107"]
[EventDate "2012.11.22"]
[EventType "team-tourn"]
[EventRounds "9"]
[EventCountry "CHI"]
[SourceTitle "EXT 2014"]
[Source "ChessBase"]
[SourceDate "2013.11.20"]
[SourceVersion "1"]
[SourceVersionDate "2013.11.20"]
[SourceQuality "1"]

1. d4 d5 2. c4 c6 3. Nf3 Nf6 4. Nc3 a6 5. c5 g6 6. Bf4 Bg7 7. e3 0-0 8. Be2 Nbd7 9. Ne5 Re8 10. 0-0 Nf8 11. b4 N6d7 12. Na4 Nxe5 13. Bxe5 Bxe5 14. dxe5 Be6 15. Nb6 Rb8 16. a4 Nd7 17. Nxd7 Qxd7 18. Qd4 Rec8 19. Rab1 Qc7 20. Rfc1 Kg7 21. Bd3 f6 22. exf6+ exf6 23. f4 Qd7 24. b5 axb5 25. axb5 Bf5 26. bxc6 bxc6 27. e4 dxe4 28. Qxd7+ Bxd7 29. Bxe4 Rxb1 30. Rxb1 Rc7 31. Kf2 Be6 32. Ke3 Bc4 33. Rb8 Bb5 34. Kd2 Re7 35. Bf3 Rd7+ 36. Kc3 Rd3+ 37. Kb4 Rd4+ 38. Ka5 Rxf4 39. Kb6 Rxf3 40. gxf3 g5 41. Rc8 Be2 42. Kxc6 Bxf3+ 43. Kd6 g4 44. c6 Bxc6 45. Rxc6 Kg6 46. Ke6 h5 47. Rc5 h4 48. Ra5 h3 49. Ra8 Kg5 50. Rg8+ Kf4 51. Kxf6 Kf3 52. Kg5 Kg2 53. Kxg4 Kxh2 54. Rh8 1-0

[Event "CHI-chT"]
[Site "Santiago de Chile"]
[Date "2012.11.22"]
[Round "1"]
[White "Michel Yunis, Christian D"]
[Black "Aguirre Contreras, Cristian Rodrigo"]
[Result "1-0"]
[WhiteElo "2340"]
[BlackElo "1993"]
[PlyCount "157"]
[EventDate "2012.11.22"]
[EventType "team-tourn"]
[EventRounds "9"]
[EventCountry "CHI"]
[SourceTitle "EXT 2014"]
[Source "ChessBase"]
[SourceDate "2013.11.20"]
[SourceVersion "1"]
[SourceVersionDate "2013.11.20"]
[SourceQuality "1"]

1. d4 Nf6 2. c4 g6 3. Nc3 Bg7 4. Nf3 d5 5. Bg5 Ne4 6. cxd5 Nxg5 7. Nxg5 e6 8. Nf3 exd5 9. e3 0-0 10. b4 Qd6 11. Qb3 c6 12. Be2 Nd7 13. 0-0 Nf6 14. b5 Bg4 15. Rac1 Rfc8 16. h3 Bf5 17. Rfd1 Ne4 18. Nxe4 Bxe4 19. Nd2 Bf5 20. bxc6 bxc6 21. Ba6 Rc7 22. Bd3 Bc8 23. Qc3 Qe7 24. Qa5 Bf8 25. Nb3 Qd8 26. Rxc6 Bg4 27. Rxc7 Bxd1 28. Rxa7 Qxa5 29. Rxa5 Rxa5 30. Nxa5 Ba4 31. Ba6 Bb4 32. Nb3 Bc6 33. Kf1 Kf8 34. Ke2 Ke7 35. Nc5 Kd6 36. Nd3 Ba5 37. Ne5 Be8 38. Kd3 f6 39. Nf3 Bc6 40. Nd2 Kc7 41. Kc2 Ba4+ 42. Nb3 Be1 43. f3 Bf2 44. Kd2 Bg3 45. Nc5 Be8 46. Bd3 Bd6 47. Kc3 Kb6 48. Kb4 Bg3 49. e4 Be1+ 50. Kb3 Kc6 51. a4 Kd6 52. a5 Bc6 53. a6 Bf2 54. Kc3 Be1+ 55. Kc2 Bf2 56. Kc3 Be1+ 57. Kc2 Bf2 58. exd5 Bxd5 59. Kc3 Be1+ 60. Kc2 Bf2 61. Be4 Bxd4 62. Nd3 Bc4 63. Bb7 Bxd3+ 64. Kxd3 Ba7 65. Ke4 Ke6 66. Bd5+ Kd6 67. Bg8 h6 68. Bh7 g5 69. Kf5 Ke7 70. Kg6 Be3 71. Kxh6 Kf7 72. Bg6+ Kg8 73. Be4 g4+ 74. Kg6 gxh3 75. gxh3 Bd4 76. Bd5+ Kh8 77. h4 Bf2 78. h5 Bd4 79. Bc4 1-0

[Event "Antofagasta 1st"]
[Site "Antofagasta"]
[Date "2012.11.03"]
[Round "8"]
[White "Lopez Silva, Hugo Andres"]
[Black "Michel Yunis, Christian D"]
[Result "1-0"]
[WhiteElo "2398"]
[BlackElo "2368"]
[PlyCount "91"]
[EventDate "2012.10.31"]
[EventType "tourn"]
[EventRounds "9"]
[EventCountry "CHI"]
[EventCategory "6"]
[SourceTitle "EXT 2014"]
[Source "ChessBase"]
[SourceDate "2013.11.20"]
[SourceVersion "1"]
[SourceVersionDate "2013.11.20"]
[SourceQuality "1"]

1. e4 c5 2. Nf3 e6 3. d4 cxd4 4. Nxd4 Nf6 5. Nc3 d6 6. g4 h6 7. h4 Nc6 8. Rg1 h5 9. g5 Ng4 10. Nb3 Qb6 11. Rg2 a6 12. Be2 Nce5 13. Bf4 Bd7 14. Qd2 Ng6 15. Bg3 0-0-0 16. 0-0-0 Qc7 17. f3 N4e5 18. f4 Nc4 19. Qd4 Na5 20. Qg1 Nxb3+ 21. cxb3 Bc6 22. Bf3 Kb8 23. Rc2 Rc8 24. Kb1 Qa5 25. a3 Be7 26. b4 Qd8 27. Qe3 Qd7 28. Rdc1 b5 29. Ne2 Ba8 30. Rxc8+ Rxc8 31. Rxc8+ Qxc8 32. Bxh5 Qc4 33. Bf3 e5 34. f5 Nf8 35. Bf2 Bb7 36. b3 Qc7 37. Kb2 g6 38. f6 Bd8 39. Qa7+ Kc8 40. Bg4+ Ne6 41. Nc3 Kd7 42. Nd5 Qc6 43. Bb6 Ke8 44. Qb8 Bc8 45. Bxd8 Kxd8 46. Ne7 1-0

[Event "CHI-chT"]
[Site "Chile"]
[Date "2010.11.02"]
[Round "3"]
[White "Farfan Ortiz, Victor"]
[Black "Michel Yunis, Christian D"]
[Result "0-1"]
[WhiteElo "2125"]
[BlackElo "2401"]
[PlyCount "124"]
[EventDate "2010.10.19"]
[EventType "team"]
[EventRounds "9"]
[EventCountry "CHI"]
[SourceTitle "EXT 2012"]
[Source "ChessBase"]
[SourceDate "2011.11.24"]
[SourceVersion "1"]
[SourceVersionDate "2011.11.24"]
[SourceQuality "1"]

1. e4 c5 2. Nf3 e6 3. d3 Nc6 4. g3 d5 5. Nbd2 Nf6 6. Bg2 g6 7. 0-0 Bg7 8. Nh4 dxe4 9. dxe4 e5 10. c3 0-0 11. Qc2 Be6 12. Re1 Bh6 13. Nf1 Bxc1 14. Raxc1 Qa5 15. a3 Qb6 16. Ne3 Rfd8 17. Nf3 Bb3 18. Qb1 Qc7 19. Re2 Rd6 20. Nd2 Be6 21. Ndc4 Rd7 22. Rd1 Rad8 23. Red2 b5 24. Rxd7 Rxd7 25. Nd2 Qd8 26. Ndf1 Bb3 27. Rxd7 Qxd7 28. Qc1 Kf8 29. Qd2 Qxd2 30. Nxd2 Be6 31. Nd5 Bxd5 32. exd5 Na5 33. b4 cxb4 34. axb4 Nb7 35. c4 bxc4 36. Nxc4 e4 37. d6 Ke8 38. f3 Kd7 39. Bh3+ Kd8 40. Kf2 exf3 41. Kxf3 Ne8 42. d7 Ned6 43. Nxd6 Nxd6 44. Kf4 f6 45. Be6 Ke7 46. Ke3 Nb5 47. Kd3 Nc7 48. Bg8 h6 49. Bh7 g5 50. Bf5 Nd5 51. Kd4 Nb6 52. Kc5 Nxd7+ 53. Kc6 Ne5+ 54. Kb7 Kd6 55. Kxa7 Nc6+ 56. Kb6 Nxb4 57. Kb5 Nd5 58. h4 Ne3 59. Bc8 Nf1 60. hxg5 fxg5 61. g4 Ke5 62. Kc4 Kf4 0-1

[Event "CHI-chT"]
[Site "Chile"]
[Date "2010.10.26"]
[Round "2"]
[White "Michel Yunis, Christian D"]
[Black "Lobos Barrenechea, Miguel"]
[Result "1-0"]
[WhiteElo "2401"]
[BlackElo "2323"]
[PlyCount "83"]
[EventDate "2010.10.19"]
[EventType "team"]
[EventRounds "9"]
[EventCountry "CHI"]
[SourceTitle "EXT 2012"]
[Source "ChessBase"]
[SourceDate "2011.11.24"]
[SourceVersion "1"]
[SourceVersionDate "2011.11.24"]
[SourceQuality "1"]

1. d4 d5 2. c4 e6 3. Nc3 Be7 4. Nf3 Nf6 5. Bg5 0-0 6. e3 Nbd7 7. cxd5 exd5 8. Bd3 Re8 9. Qc2 c6 10. 0-0 g6 11. Rab1 a5 12. a3 Nf8 13. b4 axb4 14. axb4 Ne6 15. Bh4 Ng7 16. b5 Bf5 17. bxc6 bxc6 18. Ne5 Rc8 19. Rb7 Be6 20. Qa4 Nd7 21. Bxe7 Qxe7 22. Nxc6 Qg5 23. Ne2 Bg4 24. Nb4 Nf6 25. Qa2 h5 26. Nf4 Ra8 27. Qb3 Red8 28. Nc6 Rd6 29. Rb8+ Rxb8 30. Qxb8+ Nfe8 31. Ne5 Qd8 32. Rb1 g5 33. Qxd8 Rxd8 34. Nc6 Rd6 35. Nxd5 Bd7 36. Rc1 Bxc6 37. Ne7+ Kf8 38. Nxc6 Ne6 39. Kf1 Nf6 40. Ne5 Nd5 41. Rc8+ Ke7 42. Rb8 1-0

[Event "Santiago Endesa Interempresas tt-A"]
[Site "Santiago de Chile"]
[Date "2010.08.03"]
[Round "4"]
[White "Michel Yunis, Christian D"]
[Black "Cortes Moyano, Julio"]
[Result "1-0"]
[WhiteElo "2372"]
[BlackElo "2199"]
[PlyCount "63"]
[EventDate "2010.07.13"]
[EventType "team"]
[EventRounds "13"]
[EventCountry "CHI"]
[SourceTitle "EXT 2012"]
[Source "ChessBase"]
[SourceDate "2011.11.24"]
[SourceVersion "1"]
[SourceVersionDate "2011.11.24"]
[SourceQuality "1"]

1. d4 Nf6 2. c4 g6 3. Nc3 Bg7 4. Nf3 d6 5. e4 0-0 6. Be2 e5 7. Be3 exd4 8. Nxd4 Re8 9. f3 c6 10. Qd2 d5 11. exd5 cxd5 12. 0-0-0 Nc6 13. Rhe1 dxc4 14. Nxc6 Qxd2+ 15. Rxd2 bxc6 16. Bxc4 Be6 17. Bxe6 fxe6 18. Bg5 Nd5 19. Ne4 h6 20. Bh4 Be5 21. Bg3 Bxg3 22. hxg3 Rad8 23. Rd4 Kf7 24. Rc4 Ne7 25. Ra4 Rd7 26. Nc5 Rd5 27. Nxe6 Nf5 28. Rae4 Kf6 29. g4 Nd6 30. Rf4+ Nf5 31. gxf5 gxf5 32. Rh4 1-0

[Event "Santiago Endesa Interempresas tt-A"]
[Site "Santiago de Chile"]
[Date "2009.09.22"]
[Round "10"]
[White "Michel Yunis, Christian D"]
[Black "Diaz Villagran, Robert"]
[Result "1-0"]
[WhiteElo "2366"]
[BlackElo "2294"]
[PlyCount "111"]
[EventDate "2009.07.21"]
[EventType "team"]
[EventRounds "13"]
[EventCountry "CHI"]
[SourceTitle "EXT 2012"]
[Source "ChessBase"]
[SourceDate "2011.11.24"]
[SourceVersion "1"]
[SourceVersionDate "2011.11.24"]
[SourceQuality "1"]

1. d4 Nf6 2. c4 d6 3. Nf3 Nbd7 4. Nc3 e5 5. Bg5 Be7 6. e3 c6 7. Be2 0-0 8. 0-0 Ne8 9. Bxe7 Qxe7 10. b4 e4 11. Nd2 f5 12. Re1 Nef6 13. f4 g5 14. c5 d5 15. Nb3 gxf4 16. exf4 Ne8 17. b5 Rf6 18. Rb1 Rh6 19. g3 Nf8 20. bxc6 bxc6 21. Qd2 Qf6 22. Na5 Nc7 23. Rb4 Bd7 24. Reb1 Nfe6 25. Rb8+ Rxb8 26. Rxb8+ Kf7 27. Rb7 Ke7 28. Rxa7 Rg6 29. Kh1 h5 30. Bxh5 Rh6 31. Bd1 Qh8 32. h4 Rxh4+ 33. gxh4 Qxh4+ 34. Qh2 Qe1+ 35. Kg2 Qxc3 36. Qh4+ Kf8 37. Qh8+ Ke7 38. Qh4+ Kf8 39. Nb3 Be8 40. Rb7 Qe3 41. Qg3 Nxf4+ 42. Kh2 Qxg3+ 43. Kxg3 Nfe6 44. a4 f4+ 45. Kg2 f3+ 46. Kg3 Na6 47. a5 Nec7 48. Rb6 Ke7 49. Nd2 Kd8 50. Ba4 Kc8 51. Bxc6 Bxc6 52. Rxc6 Nb4 53. Rb6 Nd3 54. Nf1 Nc1 55. a6 Ne2+ 56. Kf2 1-0

[Event "Santiago Endesa Interempresas tt-A"]
[Site "Santiago de Chile"]
[Date "2009.09.08"]
[Round "8"]
[White "Michel Yunis, Christian D"]
[Black "Pineda Polanco, Adolfo"]
[Result "1-0"]
[WhiteElo "2366"]
[BlackElo "2315"]
[PlyCount "203"]
[EventDate "2009.07.21"]
[EventType "team"]
[EventRounds "13"]
[EventCountry "CHI"]
[SourceTitle "EXT 2012"]
[Source "ChessBase"]
[SourceDate "2011.11.24"]
[SourceVersion "1"]
[SourceVersionDate "2011.11.24"]
[SourceQuality "1"]

1. d4 Nf6 2. Nf3 d5 3. c4 e6 4. Nc3 Be7 5. Bg5 0-0 6. e3 Nbd7 7. Rc1 c6 8. Qc2 dxc4 9. Bxc4 Nd5 10. Bxe7 Qxe7 11. 0-0 Nxc3 12. Qxc3 b6 13. Rfd1 Bb7 14. Be2 c5 15. dxc5 Nxc5 16. b4 Ne4 17. Qc7 Qxc7 18. Rxc7 Bd5 19. a3 a5 20. b5 Rfc8 21. Rdc1 Nc5 22. Rxc8+ Rxc8 23. Ne5 Bb7 24. Bf3 Bxf3 25. gxf3 Rd8 26. Nc6 Rd3 27. Nxa5 Rxa3 28. Nb7 Kf8 29. Nxc5 bxc5 30. Rxc5 Rb3 31. f4 Ke7 32. f5 exf5 33. Rxf5 Ke6 34. Rc5 Kd6 35. Rh5 h6 36. Kg2 Ke6 37. e4 Ra3 38. Rc5 Rb3 39. h4 Kd6 40. Rd5+ Ke6 41. h5 Ra3 42. f3 Rb3 43. Kg3 Rb2 44. Kf4 Rb3 45. Re5+ Kf6 46. Rc5 Ke6 47. Kg4 Rb4 48. Rd5 Kf6 49. Rd6+ Ke5 50. Rd5+ Kf6 51. Kf4 Ke6 52. Rc5 Rb3 53. Kg3 Rb2 54. f4 Rb1 55. Kf3 Rf1+ 56. Ke3 Re1+ 57. Kd3 Rf1 58. Re5+ Kf6 59. Rf5+ Ke6 60. Kc4 Rc1+ 61. Kd4 Rb1 62. Kc5 g6 63. Re5+ Kf6 64. hxg6 fxg6 65. Rd5 h5 66. b6 h4 67. Rd3 g5 68. fxg5+ Kxg5 69. Kc6 Rc1+ 70. Kd6 Rb1 71. Kc7 Rc1+ 72. Kb8 Re1 73. Rd5+ Kg4 74. b7 Rxe4 75. Kc7 Rb4 76. Rd4+ Rxd4 77. b8Q Kf4 78. Qg8 Kf3 79. Qh7 Kg3 80. Qg6+ Rg4 81. Qd3+ Kg2 82. Qe2+ Kg3 83. Qf1 h3 84. Qg1+ Kf3 85. Qh2 Rh4 86. Kd6 Rh6+ 87. Ke5 Rh4 88. Kf5 Rh5+ 89. Kg6 Rh4 90. Kg5 Rh8 91. Qf4+ Kg2 92. Qd2+ Kg1 93. Qc1+ Kg2 94. Qd2+ Kg1 95. Qc1+ Kg2 96. Qb2+ Kg1 97. Qxh8 h2 98. Qd4+ Kg2 99. Qd2+ Kg1 100. Qe1+ Kg2 101. Qe2+ Kg1 102. Kg4 1-0

[Event "Olympiad-38"]
[Site "Dresden"]
[Date "2008.11.19"]
[Round "6"]
[White "Michel Yunis, Christian D"]
[Black "Drasko, Milan"]
[Result "1/2-1/2"]
[WhiteElo "2368"]
[BlackElo "2537"]
[PlyCount "84"]
[EventDate "2008.11.13"]
[EventType "team-swiss"]
[EventRounds "11"]
[EventCountry "GER"]
[SourceTitle "CBM 128"]
[Source "ChessBase"]
[SourceDate "2009.01.28"]
[SourceVersion "1"]
[SourceVersionDate "2009.01.28"]
[SourceQuality "1"]
[WhiteTeam "Palestine"]
[BlackTeam "Montenegro"]
[WhiteTeamCountry "PLE"]
[BlackTeamCountry "MNE"]

1. d4 e6 2. c4 Nf6 3. Nf3 Bb4+ 4. Bd2 c5 5. Bxb4 cxb4 6. a3 bxa3 7. Rxa3 Nc6 8. Nc3 0-0 9. e3 d6 10. Be2 e5 11. 0-0 h6 12. h3 Bf5 13. Qb3 Qb8 14. Rd1 Re8 15. Nd5 Nd7 16. Qc3 Ne7 17. Nxe7+ Rxe7 18. Rda1 b6 19. b4 Nf6 20. Qb2 Be4 21. Nd2 Bb7 22. Bd3 a6 23. e4 exd4 24. Qxd4 Qc7 25. f3 Ree8 26. Nf1 a5 27. Qc3 axb4 28. Qxb4 Rxa3 29. Rxa3 Qc5+ 30. Qxc5 bxc5 31. Rb3 Bc6 32. Ne3 g6 33. Rb6 Rc8 34. Nd5 Bxd5 35. cxd5 Rd8 36. Kf2 Kf8 37. Ke3 Ke7 38. Bb5 g5 39. Rb7+ Kf8 40. Bc6 Nh5 41. h4 Kg7 42. hxg5 hxg5 1/2-1/2

[Event "Olympiad-38"]
[Site "Dresden"]
[Date "2008.11.13"]
[Round "1"]
[White "Kotsur, Pavel"]
[Black "Michel Yunis, Christian D"]
[Result "1-0"]
[WhiteElo "2563"]
[BlackElo "2368"]
[PlyCount "97"]
[EventDate "2008.11.13"]
[EventType "team-swiss"]
[EventRounds "11"]
[EventCountry "GER"]
[SourceTitle "CBM 128"]
[Source "ChessBase"]
[SourceDate "2009.01.28"]
[SourceVersion "1"]
[SourceVersionDate "2009.01.28"]
[SourceQuality "1"]
[WhiteTeam "Kazakhstan"]
[BlackTeam "Palestine"]
[WhiteTeamCountry "KAZ"]
[BlackTeamCountry "PLE"]

1. d4 Nf6 2. Nf3 e6 3. c4 Bb4+ 4. Bd2 c5 5. Bxb4 cxb4 6. g3 0-0 7. Bg2 d6 8. 0-0 Qc7 9. Qb3 a5 10. a3 Na6 11. Nbd2 e5 12. e3 Rb8 13. Ne1 Bf5 14. e4 Bg4 15. Nc2 bxa3 16. Qxa3 b6 17. Qd3 exd4 18. Qxd4 Rfe8 19. Rfe1 Be6 20. Rac1 Qc5 21. Bf1 Nd7 22. Qc3 Ne5 23. Nb3 Qc8 24. Nd2 Nc6 25. Nf3 Nab4 26. Nxb4 Nxb4 27. Qd2 Qc5 28. Nd4 Rbd8 29. Rc3 Bc8 30. Bg2 h6 31. h3 Bd7 32. Kh2 Bc8 33. f4 Bd7 34. Rd1 Ba4 35. b3 Bd7 36. g4 Qc7 37. Rg3 Na6 38. g5 hxg5 39. Rxg5 Nc5 40. Re1 Ne6 41. Rg3 Nf8 42. Rg1 Re7 43. Bf3 f6 44. Qg2 Bc8 45. Nb5 Qd7 46. Bg4 Ne6 47. Bxe6+ Qxe6 48. Rxg7+ Kh8 49. Qg3 1-0

[Event "Santiago Endesa"]
[Site "Santiago de Chile"]
[Date "2008.10.31"]
[Round "9"]
[White "Michel Yunis, Christian D"]
[Black "Valdes Escobar, Alvaro Daniel"]
[Result "1-0"]
[WhiteElo "2368"]
[BlackElo "2305"]
[PlyCount "79"]
[EventDate "2008.10.23"]
[EventType "tourn"]
[EventRounds "9"]
[EventCountry "CHI"]
[EventCategory "7"]
[SourceTitle "EXT 2009"]
[Source "ChessBase"]
[SourceDate "2008.11.26"]
[SourceVersion "1"]
[SourceVersionDate "2008.11.26"]
[SourceQuality "1"]

1. d4 Nf6 2. c4 e6 3. Nf3 b6 4. a3 Ba6 5. Qc2 Bb7 6. Nc3 c5 7. e4 cxd4 8. Nxd4 d6 9. Be2 Be7 10. 0-0 a6 11. Rd1 Nbd7 12. f3 0-0 13. Be3 Rc8 14. Qd2 Qc7 15. Bf1 Qb8 16. Na4 Bd8 17. g3 Bc7 18. Rac1 Ne5 19. b4 Ba8 20. Qf2 Rcd8 21. Be2 Rfe8 22. Nb3 Ned7 23. Nc3 Ne5 24. b5 a5 25. Nxa5 d5 26. Nb3 dxe4 27. fxe4 Nxe4 28. Nxe4 Bxe4 29. Rxd8 Rxd8 30. c5 Qa8 31. cxb6 Bd6 32. Nc5 Bxc5 33. Bxc5 Nd3 34. Bxd3 Rxd3 35. h3 h5 36. Kh2 Qd5 37. Be3 Qxb5 38. Re1 Qd5 39. Bc1 Rd1 40. b7 1-0

[Event "Santiago Endesa"]
[Site "Santiago de Chile"]
[Date "2008.10.28"]
[Round "6"]
[White "Felgaer, Ruben Alejandro"]
[Black "Michel Yunis, Christian D"]
[Result "1-0"]
[WhiteElo "2591"]
[BlackElo "2368"]
[PlyCount "63"]
[EventDate "2008.10.23"]
[EventType "tourn"]
[EventRounds "9"]
[EventCountry "CHI"]
[EventCategory "7"]
[SourceTitle "EXT 2009"]
[Source "ChessBase"]
[SourceDate "2008.11.26"]
[SourceVersion "1"]
[SourceVersionDate "2008.11.26"]
[SourceQuality "1"]

1. e4 c6 2. d4 d5 3. Nc3 dxe4 4. Nxe4 Nd7 5. Bc4 Ngf6 6. Ng5 e6 7. Qe2 Nb6 8. Bd3 h6 9. N5f3 c5 10. Be3 Qc7 11. Ne5 Nbd7 12. Ngf3 Bd6 13. 0-0-0 a6 14. Rhe1 0-0 15. g4 b5 16. g5 hxg5 17. Nxd7 Bxd7 18. dxc5 Bxc5 19. Bxg5 Rfc8 20. Ne5 Be8 21. Bxf6 gxf6 22. Qh5 Kf8 23. Qh6+ Ke7 24. Qh4 Bd6 25. f4 Qc5 26. Kb1 Rab8 27. Ng4 Bc6 28. Qxf6+ Ke8 29. Bg6 fxg6 30. Qxe6+ Kf8 31. Qf6+ Kg8 32. Qxg6+ 1-0

[Event "Santiago Endesa"]
[Site "Santiago de Chile"]
[Date "2008.10.25"]
[Round "4"]
[White "Valenzuela Fuentealba, Luis"]
[Black "Michel Yunis, Christian D"]
[Result "1/2-1/2"]
[WhiteElo "2434"]
[BlackElo "2368"]
[PlyCount "37"]
[EventDate "2008.10.23"]
[EventType "tourn"]
[EventRounds "9"]
[EventCountry "CHI"]
[EventCategory "7"]
[SourceTitle "EXT 2009"]
[Source "ChessBase"]
[SourceDate "2008.11.26"]
[SourceVersion "1"]
[SourceVersionDate "2008.11.26"]
[SourceQuality "1"]

1. d4 d5 2. c4 e6 3. Nf3 c6 4. Nc3 Nf6 5. e3 Nbd7 6. Qc2 Bd6 7. Bd3 0-0 8. 0-0 dxc4 9. Bxc4 e5 10. Bd2 Qe7 11. Bb3 h6 12. Nh4 Re8 13. Nf5 Qf8 14. Rae1 Nb6 15. f4 exd4 16. exd4 Bxf5 17. Qxf5 Rxe1 18. Rxe1 Re8 19. Rxe8 1/2-1/2

[Event "Santiago Endesa"]
[Site "Santiago de Chile"]
[Date "2008.10.24"]
[Round "2"]
[White "Michel Yunis, Christian D"]
[Black "Lopez Silva, Hugo Andres"]
[Result "0-1"]
[WhiteElo "2368"]
[BlackElo "2410"]
[PlyCount "72"]
[EventDate "2008.10.23"]
[EventType "tourn"]
[EventRounds "9"]
[EventCountry "CHI"]
[EventCategory "7"]
[SourceTitle "EXT 2009"]
[Source "ChessBase"]
[SourceDate "2008.11.26"]
[SourceVersion "1"]
[SourceVersionDate "2008.11.26"]
[SourceQuality "1"]

1. d4 Nf6 2. c4 c5 3. d5 e6 4. Nc3 exd5 5. cxd5 d6 6. e4 g6 7. Bd3 Bg7 8. Nge2 0-0 9. 0-0 a6 10. a4 Nbd7 11. h3 Re8 12. Ng3 Qc7 13. Kh1 c4 14. Bc2 Rb8 15. a5 h5 16. Bg5 b5 17. axb6 Rxb6 18. Ra2 Nc5 19. Be3 h4 20. Nge2 Nfxe4 21. Bxe4 Nxe4 22. Qa4 Kf8 23. Bxb6 Qxb6 24. Nxe4 Rxe4 25. Nc3 Rf4 26. f3 Be5 27. Ne4 Bf5 28. Qxc4 Bxe4 29. fxe4 Qb3 30. Qc8+ Kg7 31. Raa1 Qg3 32. Kg1 Rxe4 33. Rad1 Re2 34. Rxf7+ Kxf7 35. Rf1+ Bf4 36. Qc7+ Kg8 0-1